Regímenes tecnológico, de conocimiento y competencia en diferentes formas organizacionales (Registro nro. 16604)

Detalles MARC
000 -LEADER
fixed length control field 00516 a2200157 4500
001 - CONTROL NUMBER
control field ART_3673
005 - DATE AND TIME OF LATEST TRANSACTION
control field 20260410161717.0
008 - FIXED-LENGTH DATA ELEMENTS--GENERAL INFORMATION
fixed length control field 260409a
100 1# - MAIN ENTRY--PERSONAL NAME
Personal name Erbes, Analía
245 10 - TITLE STATEMENT
Title Regímenes tecnológico, de conocimiento y competencia en diferentes formas organizacionales
700 1# - ADDED ENTRY--PERSONAL NAME
Personal name Robert, Verónica
700 1# - ADDED ENTRY--PERSONAL NAME
Personal name Yoguel, Gabriel
700 1# - ADDED ENTRY--PERSONAL NAME
Personal name Borello, José
700 1# - ADDED ENTRY--PERSONAL NAME
Personal name Lebendinsky, Viviana
773 0# - HOST ITEM ENTRY
Title Desarrollo económico
Related parts - Vol. 46, Nº 181 (abr./jun. 2006)
Record control number REV1174

No hay ítems disponibles.